| 000 | 00345nam a22001457a 4500 | ||
|---|---|---|---|
| 005 | 20260204163908.0 | ||
| 020 | _a817493216X | ||
| 082 | _a658.4012/ASW | ||
| 100 | _aASWATHAPPA, K. | ||
| 245 | _aBUSINESS EVVIRONMENT FOR STATEGIC MANAGEMENT | ||
| 250 | _a1 | ||
| 260 |
_aMUMBAI _bHIMALAYA PUBLISHING HOUSE _c1996 |
||
| 300 | _a651 | ||
| 942 | _cBK | ||
| 999 |
_c89909 _d89909 |
||